| 000 | 00000nam##2200000za#4500 |
| 001 | 9.614541 |
| 003 | CaOODSP |
| 005 | 20210615100912 |
| 007 | ta |
| 008 | 150406|1998||||xxc||||| f|0| 0 eng|d |
| 020 | |a0-662-27151-3 |
| 040 | |aCaOODSP|beng |
| 043 | |an-cn--- |
| 086 | 1 |aF21-6/1998-12E |
| 110 | 1 |aCanada.|bDepartment of Finance.|bTask Force on the Future of the Canadian Financial Services Sector. |
| 245 | 10|aCanada's social payment disbursement system and the financial services sector : |bmoving to a mandatory direct deposit scheme: the case of Alberta / |cby Michael Grant. |
| 260 | |aOttawa - Ontario : |bFinance Canada. |c1998. |
| 300 | |a24p. : |bgraphs, references, tables ; |c28 cm. |
| 490 | 1 |aResearch paper prepared for the Task Force on the Future of the Canadian Financial Services Sector |
| 500 | |aN.B.: Incorrect catalogue number (BT22-61/3-1998E-12) printed in this publication. |
| 563 | |aSoftcover |
| 590 | |a98-45|b1998-11-06 |
| 690 | 07|aFinancial institutions|2gcpds |
| 720 | 1 |aGrant, Michael |
| 775 | 08|tLe système de versement des prestations publiques au Canada et le secteur des services financiers : |w(CaOODSP)9.624858 |
| 776 | 0#|tCanada's social payment disbursement system and the financial services sector / |w(CaOODSP)9.572307 |
| 830 | #0|aResearch paper prepared for the Task Force on the Future of the Canadian Financial Services Sector.|w(CaOODSP)9.514612 |